| 000 | 01195nam a22002417a 4500 | ||
|---|---|---|---|
| 008 | 110627s2008 enk|||||r|||| 000 1 eng d | ||
| 020 | _a140586513X | ||
| 020 | _a9781405865135 | ||
| 082 |
_222 _a428.6 _bHAG |
||
| 100 |
_925962 _aHaggard, H. Rider |
||
| 245 |
_aKing Solomon's Mines / _cH. Rider Haggard ; retold by David Maule. |
||
| 260 |
_aHarlow : _bPearson Education, 2008. _c2008 |
||
| 300 |
_aix, 73 p. : _bcol. ill. ; _c20 cm. + _e2 CD-ROMs (4 3/4 in.) |
||
| 490 |
_925526 _aPenguin readers |
||
| 521 | _aB1: Intermediate | ||
| 650 |
_924032 _aHigh interest-low vocabulary books |
||
| 653 |
_bENG _cJune2011 |
||
| 700 |
_98327 _aMaule, David _enrt |
||
| 942 |
_2ddc _cBB |
||
| 999 |
_c15657 _d15657 |
||